LEADER 06546nam 2200637 450 001 9910460542503321 005 20210506013751.0 010 $a0-520-96106-4 024 7 $a10.1525/9780520961067 035 $a(CKB)3710000000513402 035 $a(EBL)4086767 035 $a(SSID)ssj0001570671 035 $a(PQKBManifestationID)16221303 035 $a(PQKBTitleCode)TC0001570671 035 $a(PQKBWorkID)14263721 035 $a(PQKB)11156888 035 $a(MiAaPQ)EBC4086767 035 $a(DE-B1597)520689 035 $a(OCoLC)928891509 035 $a(DE-B1597)9780520961067 035 $a(Au-PeEL)EBL4086767 035 $a(CaPaEBR)ebr11153325 035 $a(EXLCZ)993710000000513402 100 $a20160216h20162016 uy 0 101 0 $aeng 135 $aurnn|---|u||u 181 $ctxt 182 $cc 183 $acr 200 00$aLiving and dying in the contemporary world $ea compendium /$fVeena Das and Clara Han, editors 210 1$aOakland, California :$cUniversity of California Press,$d2016. 210 4$d©2016 215 $a1 online resource (891 p.) 300 $aDescription based upon print version of record. 311 $a0-520-27841-0 320 $aIncludes bibliographical references at the end of each chapters and index. 327 $tLiving and Dying in the Contemporary World --$tFront matter --$tContents --$tAcknowledgments --$tIntroduction: A Concept Note --$tSection 1. Natality, Sexuality, Reproduction --$t1. Maternal Mortality, Technological Innovations, and Therapeutic Strategies --$t2. Conceiving Life and Death: Stem Cell Technologies and Assisted Conception in India and the Middle East --$t3. The Pregnant Hijra: Laughter, Dead Babies, and Invaluable Love --$t4. New Lives for Children: Adoption Documents and the Law in Central Mexico --$t5. Transnational Adoption and (Im)possible Lives --$t6. "Forced Pregnancy," Humanitarian Access to Reproductive Rights, and Locating "Life" within the Powers of "Death" --$t7. Bleeding Dreams: Miscarriage and the Bindings of the Unborn in the Palestinian Refugee Community of Tyre, South Lebanon --$tSection 2. Medical, Legal, and Pharmaceutical Spaces --$t8. Waiting and the Architecture of Care --$t9. The Social Phenomenology of the Next Epidemic: Pain and the Politics of Relief in Botswana's Cancer Ward --$t10. Living and Dying in Mental Health: Guns, Race, and the History of Schizophrenic Violence --$t11. The Wealth of Populations: Poverty and HIV/AIDS in Rural Central China --$t12. Living and Dying with Mycobacteria: Tuberculosis and the Regulation of Anti-tuberculous Drugs in Nepal --$t13. The Juridical Hospital --$t14. The Right of Recovery --$t15. Just Living: Law, Life, Livelihood, and Sexual Assault --$t16. "If You Remember, You Can't Live": Trauma, Insecurity, and the F/utility of "PTSD" in Haiti --$t17. Death as a Resource for Life --$tSection 3. Healing: Religious and Secular Bodies --$t18. Thinking about the Secular Body, Pain, and Liberal Politics --$t19. Nonself Help: How Immunology Might Reframe the Enlightenment --$t20. Secular Histories, Saintly Returns: Death and Devotion in Modern Turkey --$t21. The Good and the Bad Breast: Cosmetic Surgery and Breast Cancer --$t22. Attachments of Life: Intimacy, Genital Injury, and the Flesh of the U.S. Soldier Body --$t23. Key Acts: Organ Transplantation and Subjectivities in the Public Sphere --$t24. Life, Death, and Reverie: Method in a Congolese Medical History --$tSection 4. Precarious Lives --$t25. Life and Concept --$t26. Never Quite Given: Calling into Question the Relation between Person and World in Post-invasion Iraq --$t27. Mourning, Grief, and the Loss of Politics in Palestine: The Unvoiced Effects of Military Occupation in the West Bank --$t28. Echoes of a Death: Violence, Endurance, and the Experiences of Loss --$t29. Walking Through: Movement, Schizophrenia, and the Vicissitudes of Presence --$t30. "Not Dead Yet": Changing Disability Imaginaries in the Twenty-First Century --$t31. Suffering from Evidence: Expertise, Racial Health Disparities, and the Case of Jerry --$t32. "God Isn't Finished with This City Yet": Disputing Katrina-Related Deaths in Post-disaster New Orleans --$t33. Hunger and Thirst: Crises at Varying Thresholds of Life --$t34. "Tibet on Fire": Self-Immolation, Affect, and the Global "N of 1" --$tSection 5. Death and Dying --$t35. After Life --$t36. A Good Death, Recorded --$t37. Lonely Death: Possibilities for a Not-Yet Sociality --$t38. Chemonotes --$t39. The Experience of Death in a Dutch Nursing Home: On Touching the Other --$t40. Life beside Itself --$t41. Traces of Destruction and the Thread of Continuity in Post-genocide Cambodia --$t42. Corpus Vile: Death and Expendable Youth in Urban Congo --$t43. The Value of Life and the Worth of Lives --$t44. The Evolution of Mortality Rates by Sex: The Experiences of the Rich and the Uncertainties of the Not-So-Rich --$tContributors --$tIndex 330 $aTaking a novel approach to the contradictory impulses of violence and care, illness and healing, this book radically shifts the way we think of the interrelations of institutions and experiences in a globalizing world. Living and Dying in the Contemporary World is not just another reader in medical anthropology but a true tour de force-a deep exploration of all that makes life unbearable and yet livable through the labor of ordinary people. This book comprises forty-four chapters by scholars whose ethnographic and historical work is conducted around the globe, including South Asia, East Asia, Latin America, Africa, the Middle East, Europe, and the United States. Bringing together the work of established scholars with the vibrant voices of younger scholars, Living and Dying in the Contemporary World will appeal to anthropologists, sociologists, health scientists, scholars of religion, and all who are curious about how to relate to the rapidly changing institutions and experiences in an ever more connected world. 606 $aSocial history$y21st century 606 $aLife$vCross-cultural studies 606 $aDeath$vCross-cultural studies 608 $aElectronic books. 615 0$aSocial history 615 0$aLife 615 0$aDeath 676 $a306 686 $aLC 56000$2rvk 702 $aDas$b Veena 702 $aHan$b Clara$f1975- 801 0$bMiAaPQ 801 1$bMiAaPQ 801 2$bMiAaPQ 906 $aBOOK 912 $a9910460542503321 996 $aLiving and dying in the contemporary world$92479300 997 $aUNINA LEADER 01019nam a2200277 i 4500 001 991000465449707536 008 041004s1986 dcua b 001 0 eng 020 $a0947946446 020 $a0947946683 035 $ab13225133-39ule_inst 040 $aDip.to Biologia$beng 082 00$a572.56$219 245 00$aCarbohydrate analysis :$ba practical approach /$cedited by M. F. Chaplin, J. F. Kennedy. 260 $aOxford ;$aWashington :$bIRL Press,$cc1986 300 $axv, 228 p. :$bill. ;$c23 cm 440 4$aThe Practical approach series 504 $aIncludes bibliographies and index 650 0$aCarbohydrates$xAnalysis 700 1 $aChaplin, Martin F. 700 1 $aKennedy, John F. 907 $a.b13225133$b07-02-07$c04-10-04 912 $a991000465449707536 945 $aLE003 572.56 CHA01.01 (1986)$g1$i2003000045543$lle003$o-$pE0.00$q-$rl$s- $t0$u0$v0$w0$x0$y.i1388721x$z04-10-04 996 $aCarbohydrate analysis$91099806 997 $aUNISALENTO 998 $ale003$b04-10-04$cm$da $e-$feng$gdcu$h0$i0 LEADER 04419nam 22006493 450 001 996582069703316 005 20220715120754.0 010 $a3-8394-6256-8 024 7 $a10.1515/9783839462560 035 $a(MiAaPQ)EBC7024809 035 $a(Au-PeEL)EBL7024809 035 $a(CKB)24097131800041 035 $a(DE-B1597)625574 035 $a(DE-B1597)9783839462560 035 $a(OCoLC)1334104103 035 $a(EXLCZ)9924097131800041 100 $a20220702d2022 uy 0 101 0 $ager 135 $aurcnu|||||||| 181 $ctxt$2rdacontent 182 $cc$2rdamedia 183 $acr$2rdacarrier 200 10$aWhere Are We Now? - Orientierungen nach der Postmoderne 205 $a1st ed. 210 1$aBielefeld :$ctranscript,$d2022. 210 4$d©2022. 215 $a1 online resource (417 pages) 225 1 $aEdition Kulturwissenschaft 311 08$aPrint version: Berlich, Sebastian Where Are We Now? - Orientierungen nach der Postmoderne Bielefeld : transcript,c2022 9783837662566 327 $aCover -- Inhalt -- Where Are We Now? Eine Einleitung -- »Übergänge« - Post-Postmoderne, Postmoderne, Moderne -- Literatur- und Quellenverzeichnis -- Postironie -- Postironie/New Sincerity: Eine Einführung -- Die Postmoderne nimmt kein Ende - oder doch? Metamoderne und metamoderne Textstrukturen der Ultraromantik -- Zwischen Aufrichtigkeit und Ironie - Future Islands' Seasons als Beispiel der Metamoderne -- Aussage gegen Aussage -- Bedeutungsschwanger? Über das Motiv der Schwangerschaft in Leif Randts Allegro Pastell (2020) -- Zum Verhältnis von Liebe und Ökonomie -- Literatur- und Quellenverzeichnis Sektion »Postironie« -- Pop III -- Pop III: Eine Einführung -- »Ach du meine Güte, ich bin doch noch gar nicht tot!« Pop und Museum -- »Die Toten sind ja immer mit uns.« Hauntology in Benjamin von Stuckrad-Barres Panikherz -- Post-Pop-Depression? -- Nicht mehr hier sein - aber irgendwo ?Dazwischen?: -- Zurück zur Oberfläche. Über die Erinnerungsarchäologie in Christian Krachts Eurotrash -- Reiseliteratur revisited - Christiane Rösingers Berlin-Baku -- Literatur- und Quellenverzeichnis Sektion »Pop III« -- Posthumanismus -- Posthumanismus: Eine Einführung -- Künstliche Tierchen im Paradies -- Das Fremde vertraut machen: Retroästhetik in filmischen Zukunftsdarstellungen -- Posthumanismus und Pop-Musik -- »Nur Fun kann die Lösung sein.« Leif Randts Planet Magnon zwischen Utopie und Dystopie, Posthumanismus und Transhumanismus -- Miamification: Literarische Reflexionen über das Postdigitale -- Literatur- und Quellenverzeichnis Sektion »Posthumanismus« -- Heimat -- Heimat: Eine Einführung -- Zwischen Kirche und Kneipe? -- Ist das noch realistisch, glaubhaft, echt? -- Politisch wird's im heimischen Wald -- Zur Inszenierung von Heimat im aktuellen Deutschrap -- Heimatkonstruktionen im Computerspiel - Eine narratologische Betrachtung. 327 $aLiteratur- und Quellenverzeichnis Sektion »Heimat« -- Danksagung. 330 $aDie Postmoderne ist zu Ende! Seit drei Dekaden hallt diese Diagnose durch den geisteswissenschaftlichen Diskursraum. Doch was kommt jetzt? Die Beiträger*innen des Bandes schlagen kein neues Epochenkonzept vor, sondern widmen sich den Phänomenen Postironie, Pop III, Heimat und Posthumanismus. Mit Hilfe kulturwissenschaftlichen Rüstzeugs klopfen sie zeitgenössische Filme, Serien und Romane auf ihr gegenwartsspezifisches Potenzial ab. Grimes, David Bowie und Olivia Wenzel werden dabei ebenso behandelt wie Donna Haraway, Andreas Gabalier und Leif Randt. 410 0$aEdition Kulturwissenschaft 606 $aSOCIAL SCIENCE / Popular Culture$2bisacsh 610 $aCultural Studies. 610 $aFilm. 610 $aHome. 610 $aIronie. 610 $aLiterary Studies. 610 $aLiterature. 610 $aMusic. 610 $aPeriodicals. 610 $aPop Music. 610 $aPop. 610 $aPopular Culture. 610 $aPosthumanism. 615 7$aSOCIAL SCIENCE / Popular Culture. 700 $aBerlich$b Sebastian$01437325 701 $aGrevenbrock$b Holger$01725350 701 $aScheerer$b Katharina$01725351 801 0$bMiAaPQ 801 1$bMiAaPQ 801 2$bMiAaPQ 906 $aBOOK 912 $a996582069703316 996 $aWhere Are We Now? - Orientierungen nach der Postmoderne$94128290 997 $aUNISA